[Event "Landesklasse Ost 2015/2016"]
[Site "?"]
[Date "2015.11.08"]
[Round "3"]
[White "Siegemund, Joachim"]
[Black "Sauer, Marko"]
[Result "1/2-1/2"]
[WhiteElo "1998"]
[BlackElo "2043"]
[PlyCount "99"]
[EventDate "2015.??.??"]
[WhiteTeam "ESV Lok Sömmerda"]
[BlackTeam "SG Arnstadt-Stadtilm"]

1. e4 e5 2. Nc3 Nc6 3. Bc4 Nf6 4. d3 Be7 5. f4 d6 6. Nf3 Bg4 7. O-O Nd4 8. fxe5
Bxf3 9. gxf3 dxe5 10. f4 Bd6 11. fxe5 Bxe5 12. Nd5 Qd6 13. Kh1 Ne6 14. Nxf6+
Bxf6 15. c3 O-O-O 16. Be3 a6 17. a4 Rd7 18. Rf5 h6 19. Qg4 Bg5 20. Rd5 Qe7 21.
Bf2 Rhd8 22. Re1 Nf4 23. Rxd7 Rxd7 24. h4 Ng6 25. hxg5 Ne5 26. Qf5 hxg5 27. Bd4
Ng6 28. Rg1 Kb8 29. Qc5 Qxc5 30. Bxc5 f6 31. Rg3 b6 32. Bf2 Kb7 33. Rh3 Ne5 34.
Rh7 Re7 35. Bg3 Nxc4 36. dxc4 Rxe4 37. b3 Re3 38. Kg2 f5 39. Rxg7 f4 40. Bf2
Rxc3 41. Bd4 Rxb3 42. Be5 Rb4 43. Rxc7+ Ka8 44. Kf3 Rxa4 45. Kg4 Rb4 46. Bd6
Rb3 47. Kxg5 f3 48. Bg3 Rb2 49. Kg4 f2 50. Rc8+ 1/2-1/2

[Event "Landesklasse Ost 2015/2016"]
[Site "?"]
[Date "2015.11.08"]
[Round "3"]
[White "Zeising, Benjamin"]
[Black "Koksch, Robert"]
[Result "1/2-1/2"]
[WhiteElo "1821"]
[BlackElo "1874"]
[PlyCount "26"]
[EventDate "2015.??.??"]
[WhiteTeam "SG Arnstadt-Stadtilm"]
[BlackTeam "ESV Lok Sömmerda"]

1. Nc3 d5 2. d4 c6 3. e4 dxe4 4. f3 exf3 5. Nxf3 Nf6 6. Bc4 e6 7. O-O Nbd7 8.
Qd3 Qc7 9. Ng5 Nb6 10. Bf4 Bd6 11. Bxd6 Qxd6 12. Nce4 Qe7 13. Bb3 Nxe4 1/2-1/2

[Event "Landesklasse Ost 2015/2016"]
[Site "?"]
[Date "2015.11.08"]
[Round "3"]
[White "Kirste, Olaf"]
[Black "Riedel, Erich"]
[Result "0-1"]
[WhiteElo "1934"]
[BlackElo "1742"]
[PlyCount "102"]
[EventDate "2015.??.??"]
[WhiteTeam "ESV Lok Sömmerda"]
[BlackTeam "SG Arnstadt-Stadtilm"]

1. c4 b6 2. Nf3 Bb7 3. e3 e6 4. Be2 Nf6 5. O-O Be7 6. Nc3 O-O 7. Qc2 a6 8. b3
d5 9. Bb2 Nbd7 10. Rac1 dxc4 11. bxc4 Bd6 12. d4 e5 13. Rfd1 e4 14. Ng5 Qe7 15.
Nh3 Rfe8 16. g3 h6 17. Nf4 g5 18. Ng2 Bc6 19. Na4 Bxa4 20. Qxa4 a5 21. Rc2 Kg7
22. Qc6 Nf8 23. Rb1 Qd7 24. Qxd7 N8xd7 25. Bc3 Kg6 26. Rd2 Re7 27. Bd1 c5 28.
Ba4 Rb8 29. Bb5 Kf5 30. Rbd1 Rb7 31. Rf1 Kg6 32. Rfd1 Rc7 33. Ba1 Ra7 34. a4
Rc7 35. Ne1 Ra7 36. Nc2 Nf8 37. dxc5 Bxc5 38. Nd4 Rac7 39. Nc6 Re6 40. Ne5+ Kf5
41. Rd8 Rxe5 42. Bxe5 Kxe5 43. Kg2 Ne6 44. Rh8 Bf8 45. h3 Kf5 46. c5 Rxc5 47.
Bd7 Nxd7 48. Rxd7 Kg6 49. Rb7 Kg7 50. Rxf8 Kxf8 51. Rxb6 Rc4 0-1

[Event "Landesklasse Ost 2015/2016"]
[Site "?"]
[Date "2015.11.08"]
[Round "3"]
[White "Jank, Kevin"]
[Black "Böhnke, Hartmut"]
[Result "0-1"]
[WhiteElo "1728"]
[BlackElo "1756"]
[PlyCount "103"]
[EventDate "2015.??.??"]
[WhiteTeam "SG Arnstadt-Stadtilm"]
[BlackTeam "ESV Lok Sömmerda"]

1. e4 e6 2. Nf3 d5 3. e5 c5 4. d4 Nc6 5. c3 Qb6 6. Bd3 cxd4 7. cxd4 Bd7 8. Bc2
Nb4 9. O-O Nxc2 10. Qxc2 Rc8 11. Nc3 Ne7 12. Bg5 Nc6 13. Rfd1 Be7 14. Bxe7 Nxe7
15. Rac1 O-O 16. Qd2 Ng6 17. Rc2 f6 18. exf6 gxf6 19. Qh6 Qd6 20. Re2 Rf7 21.
Re3 b5 22. Nh4 Qf4 23. Qxf4 Nxf4 24. g3 Ng6 25. Nf3 b4 26. Ne2 Rff8 27. h4 Rc2
28. h5 Ne7 29. Rb1 Nf5 30. Nf4 Nxe3 31. fxe3 Rfc8 32. Nd3 a5 33. Nc5 Rc7 34.
Ne1 R2xc5 35. dxc5 Rxc5 36. Kf2 Kg7 37. Nd3 Rc2+ 38. Kf3 Bb5 39. Nf4 Kf7 40. g4
Bc6 41. Kg3 e5 42. Nd3 Re2 43. Kf3 Rc2 44. Ne1 Rc4 45. b3 Rc3 46. Kf2 Bd7 47.
Rd1 Ke6 48. Rd2 Kd6 49. Kf3 e4+ 50. Kf4 Rc1 51. Ng2 Rf1+ 52. Kg3 0-1

[Event "Landesklasse Ost 2015/2016"]
[Site "?"]
[Date "2015.11.08"]
[Round "3"]
[White "Severino, Leonardo"]
[Black "Schumacher, Andreas"]
[Result "0-1"]
[WhiteElo "1713"]
[BlackElo "1732"]
[PlyCount "64"]
[EventDate "2015.??.??"]
[WhiteTeam "ESV Lok Sömmerda"]
[BlackTeam "SG Arnstadt-Stadtilm"]

1. d4 Nf6 2. c4 g6 3. Nc3 Bg7 4. e4 d6 5. Nf3 O-O 6. Be2 Re8 7. O-O e5 8. dxe5
dxe5 9. Qc2 c6 10. Rd1 Qe7 11. Rb1 Na6 12. a3 Bg4 13. Be3 Nc5 14. b4 Ncxe4 15.
Nxe4 Nxe4 16. h3 Bxf3 17. Bxf3 Ng5 18. Bxg5 Qxg5 19. Rd7 Rab8 20. b5 f5 21. Qc3
Qf6 22. bxc6 bxc6 23. Rxb8 Rxb8 24. Rxa7 e4 25. Qxf6 Bxf6 26. Be2 Bd4 27. Ra6
c5 28. a4 Rb2 29. Bf1 Rxf2 30. Ra8+ Kg7 31. g4 e3 32. Re8 e2 0-1

[Event "Landesklasse Ost 2015/2016"]
[Site "?"]
[Date "2015.11.08"]
[Round "3"]
[White "Rudolf, Robby"]
[Black "Berlt, Norbert"]
[Result "1-0"]
[WhiteElo "1501"]
[BlackElo "1630"]
[PlyCount "127"]
[EventDate "2015.??.??"]
[WhiteTeam "SG Arnstadt-Stadtilm"]
[BlackTeam "ESV Lok Sömmerda"]

1. e4 c5 2. Nf3 Nc6 3. d4 cxd4 4. Nxd4 a6 5. Bc4 e6 6. Be3 Nge7 7. Nc3 Qc7 8.
Bb3 Ng6 9. Qd2 Bb4 10. O-O-O Nxd4 11. Qxd4 Bxc3 12. Qxc3 Qxc3 13. bxc3 b5 14.
Bc5 Bb7 15. f3 Ne7 16. Bd6 Rc8 17. Kb2 Bc6 18. Rd4 f6 19. Rhd1 Kf7 20. Bb4 Rc7
21. R1d2 Rhc8 22. Ba5 Rb7 23. f4 f5 24. exf5 Nxf5 25. R4d3 g6 26. g4 Ne7 27.
Rf2 Kg7 28. Rg3 Rf8 29. Bb4 d5 30. Re3 Kf7 31. Rfe2 a5 32. Bxa5 Bd7 33. Bb4 Re8
34. Bxe7 Rxe7 35. Bxd5 Rb6 36. f5 gxf5 37. gxf5 Kf6 38. fxe6 Be8 39. Rf2+ Kg7
40. Rg3+ Bg6 41. h4 Kh6 42. h5 Bxh5 43. Rh2 Rexe6 44. Bxe6 Rxe6 45. Kb3 Re4 46.
Rg8 Rf4 47. Rb8 Rf5 48. Kb4 Kg7 49. Rxb5 Rf4+ 50. c4 Bf7 51. Rc5 Rf1 52. a4
Rb1+ 53. Kc3 Rb7 54. a5 Be8 55. Kd4 Bf7 56. a6 Ra7 57. Rc6 Be8 58. Rb6 Kg8 59.
c5 h5 60. c6 Kf8 61. Kd5 Rg7 62. Re2 Bf7+ 63. Kd6 Rg4 64. c7 1-0

[Event "Landesklasse Ost 2015/2016"]
[Site "?"]
[Date "2015.11.08"]
[Round "3"]
[White "Sunderbrink, Heino"]
[Black "Sieber, Stephan"]
[Result "0-1"]
[WhiteElo "1932"]
[BlackElo "2112"]
[PlyCount "104"]
[EventDate "2015.??.??"]
[WhiteTeam "SV Medizin Erfurt"]
[BlackTeam "SV Empor Erfurt"]

1. Nf3 g6 2. c4 Bg7 3. Nc3 f5 4. g3 e5 5. d3 d6 6. Bg2 Nf6 7. O-O O-O 8. Rb1
Qe8 9. Bd2 Nh5 10. b4 Nc6 11. Nd5 Qd7 12. Ne1 Nd4 13. e3 Ne6 14. f4 c6 15. Nc3
exf4 16. exf4 Bd4+ 17. Kh1 Nxg3+ 18. hxg3 Qg7 19. Nf3 Bxc3 20. Bxc3 Qxc3 21.
Rb3 Qf6 22. d4 Bd7 23. d5 Nc7 24. dxc6 Bxc6 25. Rd3 Rad8 26. Rf2 Be4 27. Rd4 b5
28. Rfd2 bxc4 29. Rxc4 Nb5 30. a4 d5 31. Rc5 Nd6 32. Rc7 Nc4 33. Re2 Qb6 34.
Re7 Rfe8 35. Rxe8+ Rxe8 36. Qb3 h6 37. Qc3 Kf7 38. b5 Qf6 39. Nd4 Bxg2+ 40.
Kxg2 Rxe2+ 41. Nxe2 Qxc3 42. Nxc3 Ke6 43. Kf3 d4 44. Ne2 Nd2+ 45. Kf2 Kd5 46.
a5 Nb3 47. Nxd4 Nxd4 48. b6 axb6 49. axb6 Kc6 50. Ke3 Ne6 51. Kf3 Kxb6 52. g4
Kc5 0-1

[Event "Landesklasse Ost 2015/2016"]
[Site "?"]
[Date "2015.11.08"]
[Round "3"]
[White "Pichl, Michael"]
[Black "Zeuner, Ulrich"]
[Result "1-0"]
[WhiteElo "1961"]
[BlackElo "1930"]
[PlyCount "55"]
[EventDate "2015.??.??"]
[WhiteTeam "SV Empor Erfurt"]
[BlackTeam "SV Medizin Erfurt"]

1. g3 f5 2. Bg2 Nf6 3. c4 g6 4. Nc3 Bg7 5. Nf3 d6 6. O-O O-O 7. Rb1 a5 8. a3 e5
9. d3 h6 10. b4 axb4 11. axb4 Be6 12. c5 c6 13. cxd6 Qxd6 14. b5 Kh7 15. bxc6
Nxc6 16. Rxb7 Na5 17. Nb5 Qd8 18. Rxg7+ Kxg7 19. Ba3 Re8 20. Nd6 Re7 21. Nxe5
Bd5 22. Bxd5 Nxd5 23. Qa1 Nf6 24. Rb1 Re6 25. Qd4 Kh7 26. Rb6 Rb8 27. Ra6 Qe7
28. Rxa5 1-0

[Event "Landesklasse Ost 2015/2016"]
[Site "?"]
[Date "2015.11.08"]
[Round "3"]
[White "Rost, Detlef"]
[Black "Nicolai, Tim"]
[Result "1/2-1/2"]
[WhiteElo "1849"]
[BlackElo "1828"]
[PlyCount "77"]
[EventDate "2015.??.??"]
[WhiteTeam "SV Medizin Erfurt"]
[BlackTeam "SV Empor Erfurt"]

1. d4 f5 2. Bg5 Nf6 3. e3 e6 4. Bd3 d5 5. Nf3 c6 6. Nbd2 Bd6 7. Ne5 O-O 8. c4
Qe8 9. f4 Ne4 10. Nxe4 fxe4 11. Be2 Bb4+ 12. Kf2 Nd7 13. Nxd7 Qxd7 14. Qa4 Bd6
15. cxd5 exd5 16. Ke1 a5 17. Rf1 b5 18. Qc2 Ba6 19. Rc1 Rfc8 20. Qd1 Qe8 21.
Bh4 b4 22. Bxa6 Rxa6 23. Kf2 a4 24. Kg1 Rb8 25. f5 Qf7 26. Qg4 b3 27. a3 Re8
28. Bg3 Bxg3 29. Qxg3 Qf6 30. h4 Rc8 31. Qg5 Ra5 32. Qxf6 gxf6 33. Rc5 Rxc5 34.
dxc5 Rb8 35. Kf2 h5 36. Kg3 Kh7 37. Kf2 Kh6 38. Kg3 Rb7 39. Kf2 1/2-1/2

[Event "Landesklasse Ost 2015/2016"]
[Site "?"]
[Date "2015.11.08"]
[Round "3"]
[White "Strauch, Martin"]
[Black "Eger, Axel"]
[Result "1/2-1/2"]
[WhiteElo "1766"]
[BlackElo "1854"]
[PlyCount "24"]
[EventDate "2015.??.??"]
[WhiteTeam "SV Empor Erfurt"]
[BlackTeam "SV Medizin Erfurt"]

1. e4 e6 2. d4 d5 3. e5 b6 4. Nf3 Ba6 5. Bxa6 Nxa6 6. c3 Qd7 7. O-O c5 8. Qe2
Nb8 9. Nbd2 Nc6 10. Rd1 cxd4 11. Nxd4 Nxd4 12. cxd4 Ne7 1/2-1/2

[Event "Landesklasse Ost 2015/2016"]
[Site "?"]
[Date "2015.11.08"]
[Round "3"]
[White "Stumm, Rainer"]
[Black "Streichardt, Niklas"]
[Result "0-1"]
[WhiteElo "1558"]
[BlackElo "1694"]
[PlyCount "64"]
[EventDate "2015.??.??"]
[WhiteTeam "SV Medizin Erfurt"]
[BlackTeam "SV Empor Erfurt"]

1. Nf3 d5 2. c4 e6 3. d4 Nf6 4. Nc3 Be7 5. Bg5 h6 6. Bh4 Nbd7 7. e3 a6 8. cxd5
exd5 9. Bd3 c6 10. Qc2 b5 11. a3 c5 12. dxc5 Nxc5 13. Rd1 Nxd3+ 14. Qxd3 Bb7
15. b4 Qc7 16. Bg3 Qb6 17. Rc1 O-O 18. Nd4 Ne4 19. Nf5 Bf6 20. Nxd5 Qe6 21.
Nxf6+ Qxf6 22. Nh4 Rfd8 23. Qe2 Rd2 24. Qf3 Qb2 25. O-O Bd5 26. Qg4 Nxf2 27.
Rc8+ Kh7 28. Qf5+ g6 29. Nxg6 Nh3+ 30. gxh3 Rg2+ 31. Kh1 Rxh2+ 32. Kg1 Qg2# 0-1

[Event "Landesklasse Ost 2015/2016"]
[Site "?"]
[Date "2015.11.08"]
[Round "3"]
[White "Thiemann, Jürgen"]
[Black "Holzschuh, Stephan"]
[Result "0-1"]
[WhiteElo "1692"]
[BlackElo "2210"]
[PlyCount "38"]
[EventDate "2015.??.??"]
[WhiteTeam "SV Empor Erfurt"]
[BlackTeam "SV Medizin Erfurt"]

1. d4 Nf6 2. c4 c5 3. d5 b5 4. cxb5 a6 5. Nc3 axb5 6. Nxb5 d6 7. g3 g6 8. Bg2
Bg7 9. Nh3 Qa5+ 10. Nc3 O-O 11. O-O Na6 12. Ng5 Nc7 13. Nge4 Nd7 14. Nd2 Nb6
15. Qc2 Bd7 16. Qd3 Nb5 17. Nc4 Nxc4 18. Qxc4 Nxc3 19. Bd2 Qb5 0-1

[Event "Landesklasse Ost 2015/2016"]
[Site "?"]
[Date "2015.11.08"]
[Round "3"]
[White "Dietrich, Mareike"]
[Black "Sack, Matthias"]
[Result "0-1"]
[WhiteElo "1660"]
[BlackElo "1962"]
[PlyCount "102"]
[EventDate "2015.??.??"]
[WhiteTeam "SV Empor Erfurt"]
[BlackTeam "SV Hermsdorf"]

1. e4 c5 2. Nf3 Nc6 3. d4 cxd4 4. Nxd4 g6 5. c4 Nf6 6. Nc3 Nxd4 7. Qxd4 d6 8.
Be2 Bg7 9. Be3 O-O 10. Qd2 Ng4 11. Bxg4 Bxg4 12. O-O Re8 13. Rac1 Qa5 14. Nd5
Qxd2 15. Bxd2 Rac8 16. b3 Bd7 17. Bg5 f6 18. Be3 b6 19. Rfd1 f5 20. exf5 gxf5
21. Re1 e6 22. Nf4 e5 23. Nd5 f4 24. Bxb6 axb6 25. Nxb6 Rcd8 26. a4 Bc6 27.
Rcd1 e4 28. Nd5 Bxd5 29. Rxd5 Rb8 30. Rb5 Rxb5 31. axb5 Bc3 32. Re2 e3 33. Kf1
Bd4 34. b4 Ra8 35. fxe3 fxe3 36. Rc2 Rc8 37. Ke2 Kf7 38. Kd3 Ba7 39. Ra2 Bb6
40. Ra6 Rb8 41. Ra1 Ke7 42. Rc1 Rc8 43. Rc2 Kd7 44. Rc1 Re8 45. Ke2 Re5 46. Rf1
Ke7 47. Rf4 Re6 48. Rf5 Rf6 49. Rh5 Rf2+ 50. Ke1 Bd4 51. Rxh7+ Kf8 0-1

[Event "Landesklasse Ost 2015/2016"]
[Site "?"]
[Date "2015.11.08"]
[Round "3"]
[White "Hadlich, Gerald"]
[Black "Renner, Wolfgang"]
[Result "1-0"]
[WhiteElo "1808"]
[BlackElo "1689"]
[PlyCount "25"]
[EventDate "2015.??.??"]
[WhiteTeam "SV Hermsdorf"]
[BlackTeam "SV Empor Erfurt"]

1. e4 d5 2. exd5 Nf6 3. d4 Nxd5 4. c4 Nb6 5. Nf3 g6 6. Be2 Bg7 7. Nc3 O-O 8.
O-O Bf5 9. Bf4 Nc6 10. d5 Na5 11. c5 Bxc3 12. cxb6 axb6 13. bxc3 1-0

[Event "Landesklasse Ost 2015/2016"]
[Site "?"]
[Date "2015.11.08"]
[Round "3"]
[White "Kompe, Jörg"]
[Black "Schulz, Phillip"]
[Result "0-1"]
[WhiteElo "1828"]
[BlackElo "1693"]
[PlyCount "62"]
[EventDate "2015.??.??"]
[WhiteTeam "SV Empor Erfurt"]
[BlackTeam "SV Hermsdorf"]

1. d4 Nf6 2. Nf3 c5 3. d5 d6 4. c4 e6 5. Nc3 exd5 6. cxd5 g6 7. e4 a6 8. a4 Bg4
9. Be2 Bxf3 10. Bxf3 Bg7 11. O-O O-O 12. Bf4 Re8 13. Re1 Qc7 14. e5 dxe5 15. d6
Qb6 16. Bxe5 Nbd7 17. a5 Qb4 18. Bxf6 Nxf6 19. Re7 Qxb2 20. Na4 Qd4 21. Qxd4
cxd4 22. Rb1 Rad8 23. Rbxb7 Rxd6 24. Kf1 Rxe7 25. Rxe7 d3 26. Ke1 Kf8 27. Ra7
Bh6 28. Nc3 Re6+ 29. Kd1 d2 30. Be2 Rc6 31. Kc2 Nd5 0-1

[Event "Landesklasse Ost 2015/2016"]
[Site "?"]
[Date "2015.11.08"]
[Round "3"]
[White "Bülau, Daniel"]
[Black "Wahlicht, Mike"]
[Result "0-1"]
[WhiteElo "1666"]
[BlackElo "1731"]
[PlyCount "56"]
[EventDate "2015.??.??"]
[WhiteTeam "SV Hermsdorf"]
[BlackTeam "SV Empor Erfurt"]

1. e4 c5 2. Nc3 Nc6 3. g3 g6 4. Bg2 Bg7 5. d3 e6 6. f4 Nge7 7. Nf3 d6 8. O-O
O-O 9. Bd2 b6 10. h3 Bb7 11. g4 f5 12. exf5 exf5 13. Ng5 Qd7 14. Re1 Nd4 15.
Ne2 h6 16. Bxb7 Qxb7 17. c3 hxg5 18. cxd4 fxg4 19. hxg4 Qf3 20. Qb3+ d5 21. Nc3
Bxd4+ 22. Kh2 gxf4 23. Ne2 Kg7 24. Nxf4 Rh8+ 25. Nh5+ Rxh5+ 26. gxh5 Qxh5+ 27.
Kg2 Qg4+ 28. Kh2 Rh8+ 0-1

[Event "Landesklasse Ost 2015/2016"]
[Site "?"]
[Date "2015.11.08"]
[Round "3"]
[White "Ulrich, Thomas"]
[Black "Pietzsch, Gerhard"]
[Result "1-0"]
[WhiteElo "1532"]
[BlackElo "1846"]
[PlyCount "33"]
[EventDate "2015.??.??"]
[WhiteTeam "SV Empor Erfurt"]
[BlackTeam "SV Hermsdorf"]

1. e4 c5 2. Nf3 Nc6 3. d4 cxd4 4. Nxd4 Nf6 5. Nc3 e6 6. Ndb5 d6 7. Bf4 e5 8.
Bg5 Be7 9. Bxf6 gxf6 10. Nd5 Kf8 11. Qd2 h6 12. O-O-O a6 13. Nxe7 Kxe7 14. Nxd6
Qc7 15. Qd5 Be6 16. Qc5 Qa5 17. Nxb7+ 1-0

[Event "Landesklasse Ost 2015/2016"]
[Site "?"]
[Date "2015.11.08"]
[Round "3"]
[White "Baulig, Manuel"]
[Black "Mattner, Uwe"]
[Result "1/2-1/2"]
[WhiteElo "1675"]
[BlackElo "1578"]
[PlyCount "29"]
[EventDate "2015.??.??"]
[WhiteTeam "SV Hermsdorf"]
[BlackTeam "SV Empor Erfurt"]

1. d4 d5 2. Nf3 e6 3. c4 Nf6 4. Nc3 Be7 5. e3 O-O 6. Bd3 c5 7. O-O Nc6 8. dxc5
dxc4 9. Bxc4 Bxc5 10. b3 a6 11. Bb2 b5 12. Be2 Bb7 13. Rc1 Be7 14. Qxd8 Rfxd8
15. Rfd1 1/2-1/2

[Event "Landesklasse Ost 2015/2016"]
[Site "?"]
[Date "2015.11.08"]
[Round "3"]
[White "Aydin, Benjamin"]
[Black "Sperhake, Franz"]
[Result "1/2-1/2"]
[WhiteElo "1691"]
[BlackElo "1653"]
[PlyCount "105"]
[EventDate "2015.??.??"]
[WhiteTeam "SV Empor Erfurt"]
[BlackTeam "SV Hermsdorf"]

1. e4 c5 2. Nf3 Nc6 3. d4 cxd4 4. Nxd4 e5 5. Nb5 a6 6. Nd6+ Bxd6 7. Qxd6 Qf6 8.
Qd1 Qg6 9. f3 Nge7 10. c4 d6 11. Be3 O-O 12. Nc3 f5 13. Qd2 fxe4 14. Nxe4 Nf5
15. Bb6 Nfd4 16. O-O-O Bf5 17. Bd3 Rac8 18. g4 Bxe4 19. Bxe4 Qf6 20. Rhf1 Qf4
21. Qxf4 Rxf4 22. Rf2 Kh8 23. b3 Rcf8 24. Rdf1 R8f7 25. Kb2 g6 26. Kc3 Kg7 27.
b4 Rd7 28. a4 Ne6 29. h4 Rf8 30. Rd2 Ncd4 31. Bd5 Rf6 32. Rh2 Rdf7 33. Bxd4
exd4+ 34. Kd3 Nf4+ 35. Kxd4 Nxd5 36. Kxd5 Rxf3 37. Rxf3 Rxf3 38. Kxd6 Rf4 39.
b5 Rxc4 40. bxa6 bxa6 41. a5 Rxg4 42. Kc5 Rf4 43. Kb6 Rf6+ 44. Kb7 Kh6 45. Rb2
Kh5 46. Rb6 Rf7+ 47. Kxa6 Kxh4 48. Rb7 Rf6+ 49. Rb6 Rf5 50. Rb5 Rf6+ 51. Kb7
Rf7+ 52. Kb6 Rf6+ 53. Kb7 1/2-1/2

[Event "Landesklasse Ost 2015/2016"]
[Site "?"]
[Date "2015.11.08"]
[Round "3"]
[White "Pietsch, Karsten"]
[Black "Trautmann, Johannes"]
[Result "0-1"]
[WhiteElo "1663"]
[BlackElo "1688"]
[PlyCount "106"]
[EventDate "2015.??.??"]
[WhiteTeam "SV Hermsdorf"]
[BlackTeam "SV Empor Erfurt"]

1. d4 Nf6 2. c4 g6 3. Nc3 Bg7 4. e4 d6 5. Be2 O-O 6. Bg5 Nbd7 7. Nf3 c6 8. Qd2
Qc7 9. h3 e5 10. O-O Re8 11. d5 Nc5 12. Qe3 a5 13. Nd2 Ncd7 14. Na4 c5 15. Nc3
Nf8 16. Nb5 Qb6 17. a4 Bd7 18. Rac1 Bxb5 19. cxb5 N6d7 20. Nc4 Qc7 21. Bd3 Nb6
22. Nxb6 Qxb6 23. Bh6 Qc7 24. Bxg7 Kxg7 25. f4 Qe7 26. f5 Nd7 27. Rf2 f6 28.
fxg6 hxg6 29. Rcf1 Rh8 30. b3 Rh4 31. Be2 Rf8 32. Bg4 Rhh8 33. Be6 Rh6 34. Qg3
g5 35. Qc3 b6 36. Bf5 Rfh8 37. Rf3 Nf8 38. Qe1 Ng6 39. Bxg6 Rxg6 40. Rf5 Rh4
41. Kh2 Rf4 42. g3 Rxf5 43. Rxf5 Rh6 44. Qe2 Qe8 45. Qf3 Qg6 46. g4 Rh8 47. Qf1
Qh6 48. Qf3 Rc8 49. Qf1 Rb8 50. Qf3 Qh4 51. Qg3 Qxg3+ 52. Kxg3 Rc8 53. Rf3 c4
0-1

[Event "Landesklasse Ost 2015/2016"]
[Site "?"]
[Date "2015.11.08"]
[Round "3"]
[White "Anschütz, Mario"]
[Black "Neubauer, Ralf"]
[Result "1-0"]
[WhiteElo "1868"]
[BlackElo "1866"]
[PlyCount "82"]
[EventDate "2015.??.??"]
[WhiteTeam "SSV Vimaria 91 Weimar"]
[BlackTeam "SV Schott Jena"]

1. d4 Nf6 2. c4 e6 3. Nc3 Bb4 4. a3 Bxc3+ 5. bxc3 c5 6. e3 O-O 7. Bd3 d6 8. Ne2
Nc6 9. f3 b6 10. e4 e5 11. d5 Na5 12. Qc2 Qd7 13. a4 h5 14. Bg5 Nh7 15. Be3 Qe7
16. h4 Bd7 17. g3 g6 18. Bh6 Rfe8 19. O-O Bh3 20. Rf2 g5 21. Kh2 Bd7 22. hxg5
Nxg5 23. Rh1 Qf6 24. Bxg5 Qxg5 25. f4 Qg4 26. Kg2 f6 27. Ng1 Qg6 28. f5 Qg7 29.
Be2 Re7 30. Rxh5 Kf7 31. Nf3 Ree8 32. Nh4 Ke7 33. Ng6+ Kd8 34. Kf3 Rg8 35. Rfh2
Qf7 36. Rh7 Rg7 37. Rh8+ Be8 38. Rf8 Qd7 39. Rhh8 Kc7 40. Ke3 Rf7 41. Rfg8 Rh7
1-0

[Event "Landesklasse Ost 2015/2016"]
[Site "?"]
[Date "2015.11.08"]
[Round "3"]
[White "Richter, Sebastian"]
[Black "Gräf, Michael"]
[Result "1/2-1/2"]
[WhiteElo "1761"]
[BlackElo "1860"]
[PlyCount "39"]
[EventDate "2015.??.??"]
[WhiteTeam "SV Schott Jena"]
[BlackTeam "SSV Vimaria 91 Weimar"]

1. d4 Nf6 2. c4 e6 3. Nf3 b6 4. a3 Bb7 5. Nc3 d6 6. Qc2 Nbd7 7. e4 Be7 8. d5
O-O 9. dxe6 fxe6 10. Ng5 Nc5 11. b4 Ng4 12. Nf3 Nd7 13. Be2 Bf6 14. Bb2 a5 15.
O-O axb4 16. axb4 Rxa1 17. Rxa1 Be5 18. h3 Ngf6 19. Nxe5 Nxe5 20. c5 1/2-1/2

[Event "Landesklasse Ost 2015/2016"]
[Site "?"]
[Date "2015.11.08"]
[Round "3"]
[White "Vogel, Steffen"]
[Black "Schulz, Uwe"]
[Result "0-1"]
[WhiteElo "1803"]
[BlackElo "1690"]
[PlyCount "68"]
[EventDate "2015.??.??"]
[WhiteTeam "SSV Vimaria 91 Weimar"]
[BlackTeam "SV Schott Jena"]

1. d4 Nf6 2. Nf3 g6 3. c4 Bg7 4. Nc3 O-O 5. e4 d6 6. h3 Nbd7 7. Bg5 h6 8. Be3
Re8 9. Qd2 Kh7 10. Bd3 b6 11. O-O Bb7 12. b4 a5 13. a3 e6 14. Qc2 Qe7 15. Nd2
Rec8 16. f4 axb4 17. axb4 Ne8 18. Rae1 c5 19. bxc5 bxc5 20. e5 cxd4 21. Bxd4
Nc5 22. Be2 Qd7 23. Bf3 Bxf3 24. Rxf3 dxe5 25. Bxe5 Rd8 26. Nb3 Nxb3 27. Qxb3
f6 28. f5 fxe5 29. fxg6+ Kh8 30. Rf7 Qd4+ 31. Kh2 Ra7 32. Ref1 Rxf7 33. Rxf7 e4
34. Qb7 Nd6 0-1

[Event "Landesklasse Ost 2015/2016"]
[Site "?"]
[Date "2015.11.08"]
[Round "3"]
[White "Bönisch, Julian"]
[Black "Mitter, Frank"]
[Result "1/2-1/2"]
[WhiteElo "1615"]
[BlackElo "1767"]
[PlyCount "78"]
[EventDate "2015.??.??"]
[WhiteTeam "SV Schott Jena"]
[BlackTeam "SSV Vimaria 91 Weimar"]

1. Nf3 d5 2. g3 c5 3. Bg2 Nf6 4. O-O Nc6 5. d3 e6 6. Nbd2 Be7 7. e4 O-O 8. e5
Nd7 9. Re1 Qc7 10. Qe2 b6 11. Nf1 Bb7 12. Bf4 Rac8 13. h4 a6 14. N1h2 b5 15.
Ng5 Bxg5 16. hxg5 Nd4 17. Qd1 b4 18. c3 bxc3 19. bxc3 Nf5 20. Bh3 Ne7 21. Qh5
Ng6 22. Ng4 Qd8 23. Kh2 d4 24. c4 Bf3 25. Bg2 Bxg4 26. Qxg4 Rb8 27. Be4 Qe7 28.
Kg2 Rb2 29. Rh1 Rfb8 30. Qh5 Ndf8 31. Qd1 Qc7 32. Bc1 Rb1 33. Rxb1 Rxb1 34. Qc2
Qb6 35. f4 Nd7 36. Qa4 Ndf8 37. Qc2 a5 38. Kf3 Qb8 39. Rh2 Rb6 1/2-1/2

[Event "Landesklasse Ost 2015/2016"]
[Site "?"]
[Date "2015.11.08"]
[Round "3"]
[White "Schmiedehausen, Thomas"]
[Black "Lieke, Arno"]
[Result "0-1"]
[WhiteElo "1527"]
[BlackElo "1641"]
[PlyCount "78"]
[EventDate "2015.??.??"]
[WhiteTeam "SV Schott Jena"]
[BlackTeam "SSV Vimaria 91 Weimar"]

1. e4 c6 2. d4 d5 3. Nc3 e6 4. Nf3 Nd7 5. exd5 cxd5 6. Bd3 a6 7. Bd2 Bd6 8. Ne2
b5 9. O-O Bb7 10. Bf4 Qc7 11. Bxd6 Qxd6 12. Qd2 h6 13. Rfe1 Ngf6 14. Ng3 O-O
15. Ne5 Rac8 16. f4 Qb6 17. Qe3 Nxe5 18. fxe5 Ne4 19. Bxe4 dxe4 20. Re2 Rc4 21.
c3 Rfc8 22. Nxe4 Bxe4 23. Qxe4 b4 24. Rc1 bxc3 25. Rxc3 Rxc3 26. bxc3 Rxc3 27.
h3 Rc1+ 28. Kh2 Rd1 29. Rc2 Rxd4 30. Rc8+ Rd8 31. Rxd8+ Qxd8 32. Qc4 Qa8 33.
Kg3 a5 34. Qc5 Qd5 35. Qc8+ Kh7 36. Qc2+ g6 37. Qe2 Kg7 38. Kf4 Qd4+ 39. Kg3 g5
0-1

[Event "Landesklasse Ost 2015/2016"]
[Site "?"]
[Date "2015.11.08"]
[Round "3"]
[White "Splittgerber, Frank"]
[Black "Falk, Peter"]
[Result "1/2-1/2"]
[WhiteElo "1804"]
[BlackElo "1549"]
[PlyCount "59"]
[EventDate "2015.??.??"]
[WhiteTeam "SSV Vimaria 91 Weimar"]
[BlackTeam "SV Schott Jena"]

1. c4 Nf6 2. Nc3 g6 3. Nf3 d6 4. d4 Bg7 5. e4 O-O 6. Be2 Nbd7 7. O-O e5 8. Be3
Re8 9. d5 Nc5 10. Nd2 a5 11. a3 Bd7 12. b4 axb4 13. axb4 Na6 14. c5 Nxb4 15.
Qb3 dxc5 16. Bxc5 Na6 17. Bxa6 bxa6 18. Rfb1 Bf8 19. Bxf8 Kxf8 20. Qc4 Qe7 21.
Rxa6 Rxa6 22. Qxa6 Qd6 23. Qa7 Rc8 24. Nc4 Qe7 25. Rb7 Ne8 26. h3 Bxh3 27. gxh3
Qg5+ 28. Kh2 Qf4+ 29. Kg2 Qg5+ 30. Kh2 1/2-1/2

[Event "Landesklasse Ost 2015/2016"]
[Site "?"]
[Date "2015.11.08"]
[Round "3"]
[White "Monossova, Maria"]
[Black "Greger, Dominik"]
[Result "1-0"]
[WhiteElo "1590"]
[BlackElo "1602"]
[PlyCount "91"]
[EventDate "2015.??.??"]
[WhiteTeam "SV Schott Jena"]
[BlackTeam "SSV Vimaria 91 Weimar"]

1. Nf3 d6 2. d4 Nf6 3. Bg5 c6 4. Nbd2 Bg4 5. c3 Nbd7 6. Qb3 Qb6 7. e3 e6 8. Be2
Be7 9. O-O O-O 10. Qc2 Rfe8 11. Nc4 Qc7 12. Bf4 b5 13. Ncd2 Bf8 14. c4 e5 15.
dxe5 dxe5 16. Bg3 b4 17. Rfe1 Qb7 18. Ne4 Nxe4 19. Qxe4 Nf6 20. Qc2 Nd7 21. Ng5
Nf6 22. Nxh7 Nxh7 23. Bxg4 Nf6 24. Bh3 Nh5 25. Bh4 Be7 26. Bxe7 Qxe7 27. Rad1
Rad8 28. Rxd8 Rxd8 29. Rd1 c5 30. g3 Nf6 31. Rd2 a5 32. Rxd8+ Qxd8 33. b3 g6
34. Kf1 Kf8 35. Ke2 Ke7 36. Qd3 Qd6 37. Qxd6+ Kxd6 38. Kd3 Nd7 39. Bxd7 Kxd7
40. Ke4 Ke6 41. g4 f5+ 42. gxf5+ gxf5+ 43. Kf3 Kf6 44. e4 Kg5 45. exf5 Kxf5 46.
h4 1-0